00684nam a22002292a 450000100060000000300080000600500170001400800410003103500190007204000370009104100080012808200180013610000300015424500440018425000120022826000490024030000320028949000490032150400210037065000140039183000490040533504BD-RjUL20211209052023.0500101t1955 nyua b 001 0 eng d a(BD-RjUL)33595 aDLCcTOLdSERdEQOdBD-RjULbeng aeng04a301bCUS 19551 aCuber, John Frank,d1911-00aSociology :ba synopsis of principles / a3rd ed. aNew York :bAppleton-Century-Crofts,cc1955. axx, 652 p. :bill. ;c25 cm1 aThe appleton-Century-crofts sociology series aIncludes index.  0aSociology1 aThe appleton-Century-crofts sociology series